Mente y conducta : ensayos de psicología cognitiva /

Ensayos de psicología que frente a la disyuntiva de entender esta disciplina como ciencia de la mente o como ciencia de la conducta, muestran una decidida orientación a la opción mentalista, tal y como se proyecta en el enfoque cognitivo del procesamiento de la información. José E. García-Albea expo...

Descrición completa

Gardado en:
Detalles Bibliográficos
Autor Principal: García-Albea, José E. (autor)
Formato: Libro
Idioma:Lingua castelá
Publicado: Madrid, España : Trotta, 1993, c1993
Series:(Estructuras y Procesos. Cognitiva)
Temas:
Etiquetas: Engadir etiqueta
Sen Etiquetas, Sexa o primeiro en etiquetar este rexistro!

MARC

LEADER 00000nam^a2200000^a^4500
001 000121822
005 20250521000000.0
009 20260310094441.498
020 |a 84-87699-57-X 
037 |a Acervo ITESO - Biblioteca 
041 |a ESP 
082 |a 153.  |b GAR 
100 |a García-Albea, José E.  |e (autor) 
245 1 0 |a Mente y conducta :  |b ensayos de psicología cognitiva /  |c J.E. García-Albea. 
264 4 |a Madrid, España :  |b Trotta,  |c 1993, c1993 
300 |a 218 p. 
336 |a texto  |b txt  |2 rdacontenido 
337 |a sin mediación  |b n  |2 rdamedio 
338 |a volumen  |b nc  |2 rdasoporte 
440 1 |a (Estructuras y Procesos.  |p Cognitiva) 
520 |a Ensayos de psicología que frente a la disyuntiva de entender esta disciplina como ciencia de la mente o como ciencia de la conducta, muestran una decidida orientación a la opción mentalista, tal y como se proyecta en el enfoque cognitivo del procesamiento de la información. José E. García-Albea expone la utilidad de este enfoque, los progresos que, con base en él, se han alcanzado en el estudio de la percepción, el aprendizaje, la memoria, el pensamiento y el lenguaje, la influencia que han tenido en ello las ciencias de la información, y las analogías entre las computadoras y la mente humana. 
649 |a XX 
650 |a Psicología Cognitiva -  |x Tema Principal 
650 |a Psicología 
910 |a Fondo General 
920 |a Impresos - Libros 
930 |a Colección General 
905 |a 101 
901 |a 0500056178  |b IT1  |c ACC  |u 20250521 
902 |a https://opac.biblio.iteso.mx/vufind/Record/000121822